Tom Hardy Bacon Quiz - Statistics

General Stats
  • This quiz has been taken 135 times
  • The average score is 14 of 20
Answer Stats
Movie Actor/Actress % Correct
Mad Max Fury Road Tom Hardy
99%
Ocean's 11 Brad Pitt
91%
Mission:Impossible Ghost Protocol Tom Cruise
90%
Inception Leonardo DiCaprio
87%
Atomic Blonde Charlize Theron
84%
Ghostbusters Bill Murray
83%
The Dark Knight Christian Bale
79%
Blade Runner 2049 Harrison Ford
79%
The Departed Matt Damon
75%
Seven Morgan Freeman
75%
Lost in Translation Scarlett Johansson
68%
Mother! Jennifer Lawrence
66%
The Big Short Ryan Gosling
59%
X-Men First Class James McAvoy
58%
No Country For Old Men Javier Bardem
57%
Edge of Tomorrow Emily Blunt
56%
Star Wars Carrie Fisher
55%
The Avengers Jeremy Renner
52%
The Blues Brothers Dan Aykroyd
44%
Sicario Josh Brolin
40%
No matching quizzes found
Score Distribution
Percent of People with Each Score
Percentile by Number Answered
Your Score History
You have not taken this quiz